Vista normal
Vista MARC
Entrada Topical Term
Número de registros utilizados en: 1
001 - CONTROL NUMBER
- control field: 36834
003 - CONTROL NUMBER IDENTIFIER
- control field: OSt
005 - DATE AND TIME OF LATEST TRANSACTION
- control field: 20210414145823.0
008 - FIXED-LENGTH DATA ELEMENTS
- fixed length control field: 210414|| aca||aabn | a|a d
040 ## - CATALOGING SOURCE
- Original cataloging agency: OSt
- Transcribing agency: OSt
150 ## - HEADING--TOPICAL TERM
- Topical term or geographic name entry element: Marketing research
670 ## - SOURCE DATA FOUND
- Source citation: Work cat.: (OSt)11479: Farris, paul W., autor 36833, Marketing metrics :, c2010.